[Event "I Festival ASDEC A"]
[Site "Messina ITA"]
[Date "2011.09.01"]
[Round "6"]
[White "Scattareggia, Domenico"]
[Black "Drasko, Milan"]
[WhiteElo "2018"]
[BlackElo "2469"]
[Result "0-1"]
[PlyCount "93"]
[EventDate "2011.08.28"]

1. e4 e6 2. d4 d5 3. exd5 exd5 4. Bd3 Nc6 5. c3 Bd6 6. Ne2 Nf6 7. Bg5 h6 8. Bf4
O-O 9. h3 Bxf4 10. Nxf4 Re8+ 11. Ne2 Ne7 12. O-O Bf5 13. Na3 Qd7 14. Bxf5 Qxf5
15. Ng3 Qf4 16. Qd3 c6 17. Nc2 Nc8 18. Rae1 Nd6 19. Ne3 g6 20. Ne2 Qg5 21. f4
Qh4 22. f5 g5 23. Ng4 Nxg4 24. hxg4 Qxg4 25. Ng3 h5 26. Re5 Nc4 27. Rfe1 Nxe5
28. dxe5 h4 29. Nh1 Qf4 30. e6 fxe6 31. fxe6 Qf6 32. Qe3 Re7 33. Nf2 Rae8 34.
Ng4 Qg7 35. a3 Rxe6 36. Qxe6+ Rxe6 37. Rxe6 Qc7 38. Ne5 Qb6+ 39. Kh2 Qf2 40.
Re8+ Kg7 41. Re7+ Kf8 42. Ng6+ Kg8 43. Ne5 Qf6 44. Re8+ Kg7 45. Kh3 Qf4 46.
Re7+ Kf6 47. Re8 0-1

[Event "I Festival ASDEC A"]
[Site "Messina ITA"]
[Date "2011.09.01"]
[Round "6"]
[White "Schiappoli, Dario"]
[Black "Bonanzinga, Corrado"]
[WhiteElo "1929"]
[BlackElo "2136"]
[Result "0-1"]
[PlyCount "46"]
[EventDate "2011.08.28"]

1. e4 e5 2. f4 Bc5 3. Nf3 d6 4. c3 Bb6 5. d4 Nf6 6. Bc4 O-O 7. O-O exd4 8. cxd4
Nxe4 9. Nc3 Bf5 10. Nxe4 Bxe4 11. Ng5 d5 12. Bb3 Nc6 13. Be3 Qf6 14. Qh5 Rfe8
15. f5 h6 16. g4 Nxd4 17. Nxe4 Rxe4 18. g5 hxg5 19. Bxg5 Qxg5+ 20. Qxg5 Nf3+
21. Kg2 Nxg5 22. Bxd5 Re2+ 23. Kg3 c6 0-1

[Event "I Festival ASDEC A"]
[Site "Messina ITA"]
[Date "2011.09.01"]
[Round "6"]
[White "Signorelli, Gaetano"]
[Black "Spina, Simonpietro"]
[WhiteElo "1897"]
[BlackElo "1805"]
[Result "1-0"]
[PlyCount "63"]
[EventDate "2011.08.28"]

1. e4 e5 2. Bc4 Nf6 3. d3 Nc6 4. Nf3 Bc5 5. Nc3 d6 6. Bg5 h6 7. Bxf6 Qxf6 8.
Nd5 Qd8 9. c3 Ne7 10. Nxe7 Qxe7 11. h3 a6 12. O-O O-O 13. Re1 Be6 14. Bb3 Bxb3
15. Qxb3 b5 16. d4 Bb6 17. Rad1 exd4 18. cxd4 c5 19. d5 f6 20. Nh4 Qf7 21. Qg3
Bc7 22. Ng6 Rfe8 23. Nf4 Re5 24. Ne6 Rxe6 25. dxe6 Qxe6 26. Rd5 Re8 27. f3 Qf7
28. Red1 c4 29. Kf1 Re5 30. Rxe5 dxe5 31. Qg4 f5 32. Qxf5 1-0

[Event "I Festival ASDEC A"]
[Site "Messina ITA"]
[Date "2011.09.01"]
[Round "7"]
[White "Bonanzinga, Corrado"]
[Black "Epishin, Vladimir V."]
[WhiteElo "2136"]
[BlackElo "2553"]
[Result "0-1"]
[PlyCount "174"]
[EventDate "2011.08.28"]

1. d4 Nf6 2. c4 b6 3. Nc3 Bb7 4. Qc2 d6 5. Nf3 Nbd7 6. Bg5 h6 7. Bh4 g5 8. Bg3
Bg7 9. e3 Nh5 10. Be2 c5 11. d5 a6 12. Rd1 b5 13. Nd2 Ndf6 14. O-O O-O 15. Nde4
Nxg3 16. Nxg3 b4 17. Nce4 Nxe4 18. Qxe4 Bc8 19. Nf5 Bxf5 20. Qxf5 Qc8 21. Qc2
Bf6 22. b3 a5 23. f4 Kg7 24. Qe4 Rh8 25. fxg5 hxg5 26. Bg4 Qg8 27. h3 a4 28.
Rf3 axb3 29. axb3 Ra3 30. Rdf1 Qh7 31. Bf5 Qh6 32. Qd3 Be5 33. Bd7 f6 34. g4
Rha8 35. R1f2 Ra1+ 36. Kg2 Rc1 37. Ba4 Qh8 38. Ra2 Qc8 39. Qf5 Qxf5 40. Rxf5
Rc3 41. Rf3 Rxa4 42. bxa4 b3 43. Rb2 Rxc4 44. Rxb3 Rxa4 45. Rf2 Kf7 46. Rb7 Ra3
47. Rf3 Rd3 48. e4 Rd4 49. Re3 Bf4 50. Re2 c4 51. Rc7 Bd2 52. Kf3 Rd3+ 53. Kg2
c3 54. Rc4 Be3 55. Kf3 Bf4+ 56. Kg2 Rg3+ 57. Kf1 Rxh3 58. Rg2 Rd3 59. Ke2 Rh3
60. Kd1 Rh1+ 61. Kc2 Be5 62. Rc8 Ra1 63. Kd3 Rd1+ 64. Kc2 Rf1 65. Kd3 Rf3+ 66.
Ke2 Rh3 67. Kd1 Bf4 68. Kc2 Re3 69. Rc4 Be5 70. Kd1 Rf3 71. Ke2 Rf4 72. Rg1 e6
73. Rc7+ Kg6 74. dxe6 Rxe4+ 75. Kd3 Rd4+ 76. Kc2 Rd2+ 77. Kb3 Rb2+ 78. Ka3 Rb8
79. Rc1 Re8 80. e7 d5 81. Rd7 d4 82. Kb3 Kf7 83. Rd1 Rxe7 84. Rxe7+ Kxe7 85.
Kc4 f5 86. Kd5 c2 87. Ra1 Bf4 0-1

[Event "I Festival ASDEC A"]
[Site "Messina ITA"]
[Date "2011.09.01"]
[Round "7"]
[White "Familari, Giuseppe"]
[Black "Gangemi, Salvatore"]
[WhiteElo "1985"]
[BlackElo "2065"]
[Result "1/2-1/2"]
[PlyCount "105"]
[EventDate "2011.08.28"]

1. e4 e6 2. d4 d5 3. Nc3 Bb4 4. e5 c5 5. a3 Bxc3+ 6. bxc3 Qc7 7. Nf3 Bd7 8. Bd3
Ne7 9. Bd2 Nbc6 10. Rb1 c4 11. Bf1 O-O 12. g3 b5 13. h4 a5 14. h5 h6 15. Bg2
Rab8 16. g4 Kh8 17. Qc1 Kh7 18. g5 Nf5 19. Nh4 Nxh4 20. Rxh4 hxg5 21. Bxg5 f6
22. exf6 gxf6 23. Bf4 e5 24. Bg3 Qd6 25. Kf1 Rg8 26. Qd1 Ne7 27. dxe5 fxe5 28.
Re4 Rxg3 29. fxg3 Qf6+ 30. Kg1 Rf8 31. Re1 Rg8 32. Rf1 Qg7 33. Qe1 e4 34. Rf4
Nf5 35. Rd1 Be6 36. Rxd5 Nxg3 37. Rxb5 Kh8 38. Rxa5 Qc7 39. Rf6 Qxa5 40. Rxe6
Qg5 41. Qf2 Nxh5 42. Qd4+ Rg7 43. Re8+ Kh7 44. Qxe4+ Qg6 45. Qxg6+ Kxg6 46. Ra8
Nf4 47. Kf2 Rd7 48. Be4+ Kf6 49. Ke3 Ne6 50. Ra4 Rg7 51. Rxc4 Rg3+ 52. Kf2 Rg8
53. a4 {...} 1/2-1/2

[Event "I Festival ASDEC A"]
[Site "Messina ITA"]
[Date "2011.09.01"]
[Round "7"]
[White "Ferrigno, Vincenzo"]
[Black "Panarello, Giuseppe"]
[WhiteElo "1789"]
[BlackElo "1990"]
[Result "0-1"]
[PlyCount "52"]
[EventDate "2011.08.28"]

1. e4 c5 2. Nf3 d6 3. d4 cxd4 4. Nxd4 Nf6 5. Nc3 a6 6. Be2 e6 7. O-O Be7 8. f4
O-O 9. Kh1 Qc7 10. f5 e5 11. Nf3 b5 12. Bg5 Nbd7 13. Bd3 Bb7 14. Bxf6 Nxf6 15.
Qe2 Qb6 16. Ng5 h6 17. Nh3 Rfe8 18. Rf3 b4 19. Na4 Qc6 20. b3 Nxe4 21. Raf1 Nf6
22. Rg3 e4 23. Qe3 exd3 24. Qxh6 Qxg2+ 25. Rxg2 Bxg2+ 26. Kxg2 gxh6 0-1

[Event "I Festival ASDEC A"]
[Site "Messina ITA"]
[Date "2011.09.01"]
[Round "7"]
[White "Levin, Felix"]
[Black "Carbone, Stefano"]
[WhiteElo "2475"]
[BlackElo "1911"]
[Result "1-0"]
[PlyCount "115"]
[EventDate "2011.08.28"]

1. d4 d5 2. c4 c6 3. Nc3 Nf6 4. e3 Bf5 5. cxd5 cxd5 6. Qb3 Bc8 7. Nf3 e6 8. Bd3
Nc6 9. O-O Be7 10. Bd2 O-O 11. a3 Na5 12. Qa2 b6 13. b4 Nc6 14. Rfc1 Bb7 15. b5
Nb8 16. Ne5 Nfd7 17. Nf3 Nf6 18. a4 Nbd7 19. Qb3 Ne4 20. Be1 Nxc3 21. Bxc3 Bd6
22. a5 bxa5 23. Rxa5 Bc7 24. Ra2 Bb6 25. Bb4 Re8 26. Bc5 Rc8 27. Rac2 g6 28. h3
Kg7 29. Qa3 Kg8 30. Be2 Kg7 31. Ne1 e5 32. Bxb6 Qxb6 33. Rxc8 Rxc8 34. Rxc8
Bxc8 35. Qc3 Bb7 36. dxe5 Kg8 37. Nf3 a6 38. bxa6 Bxa6 39. Bxa6 Qxa6 40. Qc7
Qb5 41. Qd8+ Kg7 42. e6 fxe6 43. Qe7+ Kg8 44. Qxe6+ Kg7 45. Qe7+ Kg8 46. Ng5
Qb1+ 47. Kh2 Qf5 48. Nxh7 d4 49. Ng5 d3 50. Ne4 Qd5 51. Qb4 Kg7 52. f4 Nc5 53.
Nd2 Qa2 54. e4 Qc2 55. e5 Kf7 56. Nf3 Nb3 57. Qb7+ Ke8 58. e6 1-0

[Event "I Festival ASDEC A"]
[Site "Messina ITA"]
[Date "2011.09.01"]
[Round "7"]
[White "Pisacane, Pietro"]
[Black "Arito, Luigi"]
[WhiteElo "1948"]
[BlackElo "1883"]
[Result "0-1"]
[PlyCount "108"]
[EventDate "2011.08.28"]

1. d4 Nf6 2. c4 c5 3. d5 b5 4. f3 g6 5. e4 d6 6. a4 bxc4 7. a5 Bg7 8. Bxc4 O-O
9. Ne2 Ba6 10. Nd2 Nfd7 11. Bxa6 Nxa6 12. Nc4 Ne5 13. Nxe5 Bxe5 14. O-O Qc7 15.
Nc3 Rab8 16. Qe2 Nb4 17. Nb5 Qb7 18. Na3 Bd4+ 19. Kh1 Qa6 20. Nc4 Qb5 21. Re1
Na6 22. e5 Rfe8 23. Bf4 Nc7 24. exd6 exd6 25. Qc2 Rxe1+ 26. Rxe1 Nxd5 27. Bxd6
Re8 28. Rxe8+ Qxe8 29. Qd2 Qe6 30. Bg3 a6 31. h3 Ne3 32. Nxe3 Qxe3 33. Qxe3
Bxe3 34. Bd6 f5 35. g4 fxg4 36. fxg4 Kf7 37. Kg2 Ke6 38. Kf3 Bd4 39. Bc7 Bxb2
40. Ke4 Kd7 41. Bb6 Kc6 42. Kf4 Bf6 43. Ke4 c4 44. Be3 c3 45. Kd3 Kb5 46. h4
Kxa5 47. Kc4 Ka4 48. Bc1 h5 49. g5 Be5 50. Kd5 Bg3 51. Kc4 Bxh4 52. Bf4 Ka3 53.
Be5 c2 54. Bf4 Kb2 0-1

[Event "I Festival ASDEC A"]
[Site "Messina ITA"]
[Date "2011.09.01"]
[Round "7"]
[White "Scattareggia, Domenico"]
[Black "Schiappoli, Dario"]
[WhiteElo "2018"]
[BlackElo "1929"]
[Result "0-1"]
[PlyCount "78"]
[EventDate "2011.08.28"]

1. e4 c5 2. c4 e6 3. Nc3 b6 4. Nf3 Nc6 5. Be2 Bb7 6. O-O Nd4 7. d3 Ne7 8. Be3
Nec6 9. h3 Be7 10. Qd2 O-O 11. Nh2 a6 12. f4 Nxe2+ 13. Nxe2 d5 14. cxd5 exd5
15. e5 d4 16. Bf2 Qd5 17. Nf3 Rae8 18. Bg3 f6 19. b3 fxe5 20. fxe5 Nxe5 21.
Bxe5 Rxf3 22. Rxf3 Qxe5 23. Rf2 Bh4 24. Raf1 Bxf2+ 25. Rxf2 Qe3 26. Qc2 Bd5 27.
Nf4 Bf7 28. Kh2 g5 29. Rf3 Qe5 30. Qf2 gxf4 31. Rxf4 Bg6 32. g3 Qe3 33. Qg2 Qe2
34. Rf2 Qe6 35. Qf3 b5 36. h4 Bf7 37. h5 Qd5 38. Qg4+ Kh8 39. Rf5 Re2+ 0-1

[Event "I Festival ASDEC A"]
[Site "Messina ITA"]
[Date "2011.09.01"]
[Round "7"]
[White "Spina, Simonpietro"]
[Black "Pinton, Maurizio"]
[WhiteElo "1805"]
[BlackElo "2016"]
[Result "0-1"]
[PlyCount "28"]
[EventDate "2011.08.28"]

1. c4 b6 2. g3 Bb7 3. Nf3 Bxf3 4. exf3 c5 5. Bg2 Nc6 6. f4 Rc8 7. b3 e6 8. Bb2
Nf6 9. d4 cxd4 10. Bxd4 Nxd4 11. Qxd4 Bb4+ 12. Nd2 O-O 13. O-O d5 14. cxd5 Bc3
0-1

[Event "I Festival ASDEC A"]
[Site "Messina ITA"]
[Date "2011.09.01"]
[Round "7"]
[White "Tondo, Salvatore"]
[Black "Signorelli, Gaetano"]
[WhiteElo "1920"]
[BlackElo "1897"]
[Result "1-0"]
[PlyCount "103"]
[EventDate "2011.08.28"]

1. e4 c5 2. Nf3 d6 3. c4 Bg4 4. Be2 Nc6 5. O-O Nf6 6. d3 e6 7. Nc3 Be7 8. h3
Bh5 9. Be3 Bg6 10. Qd2 O-O 11. Nh2 d5 12. cxd5 exd5 13. exd5 Nb4 14. Nf3 Nbxd5
15. Ne5 Bf5 16. a3 Qc7 17. Nc4 Nxc3 18. bxc3 Nd5 19. Bf3 Rad8 20. Nb2 Bf6 21.
d4 Rfe8 22. Bxd5 Rxd5 23. c4 Rd7 24. d5 Qb6 25. Na4 Qb3 26. Nxc5 Qxc4 27. Rac1
Qxd5 28. Nxd7 Qxd7 29. Qxd7 Bxd7 30. Bxa7 Bc6 31. Bc5 Ra8 32. Rfd1 h6 33. Rd3
Re8 34. Re3 Rd8 35. Be7 Bxe7 36. Rxe7 Rd6 37. Rce1 Rd2 38. Rc7 Rd7 39. Rxd7
Bxd7 40. f3 Bc6 41. Kf2 Kf8 42. Re3 Bb5 43. g3 g6 44. h4 Bc6 45. Ke2 Bd5 46. a4
Be6 47. a5 Ke7 48. Kd3 Kd6 49. Kd4 Bd5 50. g4 Kc6 51. Ke5 Be6 52. h5 1-0

[Event "I Festival ASDEC A"]
[Site "Messina ITA"]
[Date "2011.09.02"]
[Round "8"]
[White "Arico', Maurizio"]
[Black "Trimarchi, Giuseppe"]
[WhiteElo "1847"]
[BlackElo "1923"]
[Result "1/2-1/2"]
[PlyCount "77"]
[EventDate "2011.08.28"]

1. e4 e5 2. Nf3 Nc6 3. Bb5 a6 4. Bxc6 dxc6 5. O-O f6 6. d4 exd4 7. Nxd4 Bd6 8.
Nc3 Ne7 9. Be3 O-O 10. Qe2 c5 11. Nb3 b6 12. Rad1 Qe8 13. a4 Be6 14. f4 Bxb3
15. cxb3 Nc6 16. Qc4+ Kh8 17. Nd5 Na5 18. Qc2 Qc6 19. b4 cxb4 20. Qxc6 Nxc6 21.
Nxb6 Rae8 22. Nd7 Rf7 23. Nc5 Bxc5 24. Bxc5 Rxe4 25. Rfe1 f5 26. Rxe4 fxe4 27.
Bxb4 Rxf4 28. Rd7 Kg8 29. Bd2 Rf7 30. Rxf7 Kxf7 31. Bf4 Nd4 32. Bxc7 Ke6 33.
Kf2 Kd5 34. Bb6 Nf5 35. b4 Nd6 36. Bc5 Nc4 37. Ke2 Nb2 38. a5 Nc4 39. Ba7
1/2-1/2

[Event "I Festival ASDEC A"]
[Site "Messina ITA"]
[Date "2011.09.02"]
[Round "8"]
[White "Arito, Luigi"]
[Black "Epishin, Vladimir V."]
[WhiteElo "1883"]
[BlackElo "2553"]
[Result "0-1"]
[PlyCount "68"]
[EventDate "2011.08.28"]

1. d4 Nf6 2. c4 Nc6 3. Nc3 e5 4. Nf3 e4 5. Ng5 Bb4 6. d5 Ne5 7. Qd4 d6 8. Ngxe4
Nxe4 9. Qxe4 O-O 10. e3 Bxc3+ 11. bxc3 f5 12. Qd4 b6 13. Be2 Qe8 14. a4 a5 15.
O-O Qg6 16. f4 Nd7 17. Bd3 Nc5 18. Bc2 Bd7 19. Ba3 Bxa4 20. Bxa4 Nxa4 21. Bxd6
Nxc3 22. Qxc3 Qxd6 23. Rfd1 Rfe8 24. Kf2 Re4 25. c5 bxc5 26. Rxa5 Rxa5 27. Qxa5
c4 28. Qc3 Qc5 29. h3 Rxf4+ 30. Ke2 Re4 31. Kf3 h5 32. g4 hxg4+ 33. hxg4 Rxg4
34. Qe5 Re4 0-1

[Event "I Festival ASDEC A"]
[Site "Messina ITA"]
[Date "2011.09.02"]
[Round "8"]
[White "Bonanzinga, Corrado"]
[Black "Levin, Felix"]
[WhiteElo "2136"]
[BlackElo "2475"]
[Result "0-1"]
[PlyCount "60"]
[EventDate "2011.08.28"]

1. d4 d5 2. c4 dxc4 3. e4 Nc6 4. Nf3 Bg4 5. d5 Ne5 6. Bf4 Ng6 7. Bg3 e5 8. Bxc4
Bd6 9. Nc3 a6 10. a3 Nf6 11. Be2 h5 12. h4 Bd7 13. Nd2 b5 14. f3 Nf4 15. Bf1 c6
16. dxc6 Bxc6 17. Bf2 O-O 18. g3 Ne6 19. Nb3 Qe7 20. Na5 Rfc8 21. Nxc6 Rxc6 22.
Nd5 Qd8 23. Be2 Bc5 24. O-O Bxf2+ 25. Kxf2 Nd4 26. Rc1 Rxc1 27. Nxf6+ gxf6 28.
Qxc1 Rc8 29. Qb1 Rc2 30. Re1 Qb6 0-1

[Event "I Festival ASDEC A"]
[Site "Messina ITA"]
[Date "2011.09.02"]
[Round "8"]
[White "Carbone, Stefano"]
[Black "Scattareggia, Domenico"]
[WhiteElo "1911"]
[BlackElo "2018"]
[Result "1/2-1/2"]
[PlyCount "69"]
[EventDate "2011.08.28"]

1. Nf3 d5 2. d4 e6 3. g3 Nf6 4. Bg2 Be7 5. O-O O-O 6. c4 c6 7. Qc2 Nbd7 8. Nbd2
Re8 9. b3 b6 10. e4 dxe4 11. Nxe4 Nxe4 12. Qxe4 Bb7 13. Bb2 Rb8 14. Qc2 Qc7 15.
Rfd1 Rbd8 16. Rac1 c5 17. dxc5 Nxc5 18. Nd4 Bxg2 19. Kxg2 Bf6 20. Kg1 Qb7 21.
b4 Ne4 22. c5 bxc5 23. bxc5 Nxc5 24. Qxc5 Qxb2 25. Nc6 Rd5 26. Ne7+ Bxe7 27.
Qxe7 Qb8 28. Qa3 Red8 29. Rxd5 exd5 30. Qc5 h6 31. Rd1 Qb7 32. a4 d4 33. Rxd4
Re8 34. Qd5 Re1+ 35. Kg2 1/2-1/2

[Event "I Festival ASDEC A"]
[Site "Messina ITA"]
[Date "2011.09.02"]
[Round "8"]
[White "Panarello, Giuseppe"]
[Black "Tondo, Salvatore"]
[WhiteElo "1990"]
[BlackElo "1920"]
[Result "1-0"]
[PlyCount "103"]
[EventDate "2011.08.28"]

1. Nf3 Nf6 2. g3 b6 3. Bg2 Bb7 4. O-O e6 5. c4 Be7 6. b3 O-O 7. Bb2 d6 8. d4
Nbd7 9. Nc3 Ne4 10. Qc2 Nxc3 11. Bxc3 Nf6 12. Ng5 Bxg2 13. Kxg2 h6 14. Ne4 Nh7
15. f4 d5 16. Nf2 Nf6 17. e4 dxe4 18. Nxe4 Qd7 19. Nxf6+ Bxf6 20. Qe4 Rad8 21.
Rad1 c6 22. Bb2 Qc8 23. Rf2 Rd7 24. Rfd2 Rfd8 25. h4 c5 26. d5 exd5 27. cxd5
Bxb2 28. Rxb2 Rd6 29. Rbd2 Qd7 30. Qf3 f5 31. Qd3 Qf7 32. Qf3 Re8 33. Kf2 h5
34. Re1 Rxe1 35. Kxe1 g6 36. Kf2 b5 37. Qd3 a6 38. a4 Qd7 39. axb5 axb5 40. Kf3
Qb7 41. Qe3 Qc8 42. Qe5 Qd7 43. Ke2 Qd8 44. Kf1 Qd7 45. Kg2 Qd8 46. Kh2 Kf7 47.
Kh3 Kg8 48. Ra2 Kh7 49. Ra7+ Rd7 50. Ra6 Rxd5 51. Qe6 Qg8 52. Ra7+ 1-0

[Event "I Festival ASDEC A"]
[Site "Messina ITA"]
[Date "2011.09.02"]
[Round "8"]
[White "Pinton, Maurizio"]
[Black "Pisacane, Pietro"]
[WhiteElo "2016"]
[BlackElo "1948"]
[Result "1/2-1/2"]
[PlyCount "91"]
[EventDate "2011.08.28"]

1. d4 Nf6 2. Nf3 g6 3. Nc3 d5 4. Bf4 c6 5. e3 Bg7 6. Be2 O-O 7. Ne5 Nfd7 8. Nd3
f6 9. h4 h6 10. Qd2 e5 11. Bg3 b5 12. O-O-O a5 13. f4 e4 14. Nf2 Nb6 15. h5 g5
16. fxg5 fxg5 17. Rdf1 b4 18. Ncd1 Ba6 19. Ng4 Bxe2 20. Rxf8+ Qxf8 21. Qxe2
N8d7 22. Rf1 Qe7 23. Rf5 a4 24. Ne5 Nxe5 25. Bxe5 b3 26. cxb3 axb3 27. axb3
Ra1+ 28. Kc2 Bxe5 29. Rxe5 Qf7 30. Qg4 Nd7 31. Re6 Kh7 32. Rxc6 Ra7 33. Qe2 Nf6
34. g4 Rc7 35. Rxc7 Qxc7+ 36. Kb1 Qg3 37. Nf2 Kg7 38. b4 Qg1+ 39. Kc2 Qh2 40.
Kb3 Nxg4 41. Qxg4 Qxf2 42. Qd7+ Qf7 43. Qh3 Qf3 44. Qd7+ Qf7 45. Qh3 Qf3 46.
Qd7+ 1/2-1/2

[Event "I Festival ASDEC A"]
[Site "Messina ITA"]
[Date "2011.09.02"]
[Round "8"]
[White "Schiappoli, Dario"]
[Black "Drasko, Milan"]
[WhiteElo "1929"]
[BlackElo "2469"]
[Result "0-1"]
[PlyCount "44"]
[EventDate "2011.08.28"]

1. e4 e6 2. Nf3 d5 3. e5 c5 4. b4 b6 5. Bb2 cxb4 6. d4 Qd7 7. Bd3 Ba6 8. Qe2
Bxd3 9. Qxd3 Nc6 10. O-O Nh6 11. Bc1 Rc8 12. a4 Na5 13. Nbd2 Rc3 14. Qa6 Rxc2
15. Ne1 Rc6 16. Qd3 Nf5 17. Nef3 h5 18. Bb2 Be7 19. Rfc1 O-O 20. Rxc6 Qxc6 21.
h3 Rc8 22. Rc1 Nc4 0-1

[Event "I Festival ASDEC A"]
[Site "Messina ITA"]
[Date "2011.09.02"]
[Round "8"]
[White "Signorelli, Gaetano"]
[Black "Gangemi, Salvatore"]
[WhiteElo "1897"]
[BlackElo "2065"]
[Result "0-1"]
[PlyCount "58"]
[EventDate "2011.08.28"]

1. e4 d5 2. exd5 Nf6 3. d4 Nxd5 4. g3 c6 5. Bg2 g6 6. Ne2 Bg7 7. O-O O-O 8. c3
Bf5 9. Nd2 Qc8 10. Nc4 Bh3 11. Ne3 Bxg2 12. Kxg2 Nd7 13. Qd3 Nxe3+ 14. fxe3 e5
15. b3 exd4 16. exd4 c5 17. Ba3 b6 18. Qf3 Qa6 19. Bb2 Rae8 20. Nf4 Nf6 21. a4
Ne4 22. Rad1 Qc8 23. Ba3 f5 24. h4 Rf7 25. h5 g5 26. Nd5 Qc6 27. dxc5 g4 28.
Qd3 Nxc3 29. Rde1 Rxe1 0-1

[Event "I Festival ASDEC A"]
[Site "Messina ITA"]
[Date "2011.09.02"]
[Round "8"]
[White "Tricomi, Massimo"]
[Black "Spina, Simonpietro"]
[WhiteElo "1900"]
[BlackElo "1805"]
[Result "1-0"]
[PlyCount "51"]
[EventDate "2011.08.28"]

1. e4 d6 2. d4 Nf6 3. Nc3 g6 4. Nf3 Bg7 5. h3 a6 6. a4 b6 7. Be3 Bb7 8. Bd3 O-O
9. Qd2 Nfd7 10. Bh6 e5 11. Bxg7 Kxg7 12. dxe5 Nxe5 13. Nxe5 dxe5 14. O-O Nd7
15. Rfd1 Nc5 16. Qe3 Nxd3 17. Rxd3 Qe7 18. Rad1 Rfd8 19. Qd2 Rxd3 20. Qxd3 Bc6
21. b3 Kf8 22. Nd5 Bxd5 23. Qxd5 Rb8 24. Rd3 c5 25. Qc6 Qe8 26. Rd7 1-0

[Event "I Festival ASDEC A"]
[Site "Messina ITA"]
[Date "2011.09.03"]
[Round "9"]
[White "Drasko, Milan"]
[Black "Bonanzinga, Corrado"]
[WhiteElo "2469"]
[BlackElo "2136"]
[Result "1/2-1/2"]
[PlyCount "214"]
[EventDate "2011.08.28"]

1. Nf3 Nf6 2. g3 c5 3. Bg2 Nc6 4. O-O g6 5. c4 Bg7 6. d4 d6 7. dxc5 dxc5 8.
Qxd8+ Nxd8 9. Nc3 O-O 10. Rd1 Be6 11. Be3 Rc8 12. Ne5 Ng4 13. Nxg4 Bxg4 14. Nd5
Nc6 15. f3 Bf5 16. g4 Bc2 17. Rd2 Ba4 18. Bxc5 Rfd8 19. Be3 e6 20. Nc3 Bxc3 21.
Rxd8+ Rxd8 22. bxc3 Ne5 23. Bxa7 Nxc4 24. f4 Rd2 25. Bxb7 Rxe2 26. Ba6 Re4 27.
Bxc4 Rxc4 28. Bd4 f6 29. Re1 Bd7 30. g5 fxg5 31. fxg5 Ra4 32. Re2 Kf7 33. Rf2+
Ke8 34. Rb2 Bc6 35. h4 Bd5 36. Rb8+ Kd7 37. Rh8 Rxa2 38. Rxh7+ Kc6 39. Rf7 Be4
40. Bf2 Rc2 41. Rf8 Kd5 42. Rd8+ Ke5 43. Be3 Kf5 44. Rf8+ Ke5 45. Bf4+ Kd5 46.
Rd8+ Kc5 47. Be3+ Kb5 48. Bd4 Kc4 49. Be5 Bf5 50. Bf6 Re2 51. Rd4+ Kxc3 52. h5
gxh5 53. g6 Bxg6 54. Rg4+ Kd3 55. Rxg6 Ke4 56. Rg5 Ra2 57. Rxh5 Rc2 58. Re5+
Kf3 59. Rxe6 Rg2+ 60. Kf1 Rc2 61. Ke1 Rg2 62. Bd4 Ra2 63. Re3+ Kf4 64. Rb3 Rg2
65. Bf2 Rg8 66. Ke2 Re8+ 67. Be3+ Kf5 68. Kf3 Re5 69. Rb8 Rd5 70. Rb6 Ra5 71.
Rh6 Ra4 72. Rh5+ Ke6 73. Rb5 Kf6 74. Bf4 Ra2 75. Be5+ Ke6 76. Bd4 Rh2 77. Ke4
Rh4+ 78. Kd3 Rh1 79. Kc4 Rc1+ 80. Bc3 Rd1 81. Rh5 Rd7 82. Bd4 Rc7+ 83. Bc5 Rd7
84. Bd4 Rc7+ 85. Kd3 Rc1 86. Ke4 Re1+ 87. Be3 Re2 88. Rh6+ Kd7 89. Kd4 Re1 90.
Bf4 Rd1+ 91. Ke5 Re1+ 92. Kf5 Rd1 93. Rh7+ Kc6 94. Rc7+ Kb6 95. Be5 Re1 96. Rc2
Kb5 97. Ke6 Rd1 98. Bd6 Rh1 99. Rc5+ Kb6 100. Rc3 Rd1 101. Kd7 Rd5 102. Rc8 Kb5
103. Ke6 Rh5 104. Be5 Rh1 105. Kd5 Rh6 106. Rc5+ Kb4 107. Rc2 Rh3 1/2-1/2

[Event "I Festival ASDEC A"]
[Site "Messina ITA"]
[Date "2011.09.03"]
[Round "9"]
[White "Epishin, Vladimir V."]
[Black "Panarello, Giuseppe"]
[WhiteElo "2553"]
[BlackElo "1990"]
[Result "1-0"]
[PlyCount "71"]
[EventDate "2011.08.28"]

1. d4 Nf6 2. c4 e6 3. Nc3 d5 4. cxd5 exd5 5. Bg5 c6 6. e3 Bf5 7. Nge2 Bd6 8.
Ng3 Bxg3 9. hxg3 Nbd7 10. Qb3 Qb6 11. f3 Qxb3 12. axb3 a6 13. g4 Bg6 14. b4 O-O
15. Kd2 Rfe8 16. Na4 Kf8 17. Bf4 Ng8 18. Ra3 f6 19. Nc5 Nxc5 20. bxc5 Ke7 21.
Rb3 Ra7 22. g5 fxg5 23. Bxg5+ Nf6 24. g4 h6 25. Bf4 Nh7 26. Bg2 Kf7 27. Ra1 Nf8
28. Ra4 Ne6 29. Rab4 Nxf4 30. Rxb7+ Rxb7 31. Rxb7+ Re7 32. Rxe7+ Kxe7 33. exf4
h5 34. b4 h4 35. Ke3 Bc2 36. Bf1 1-0

[Event "I Festival ASDEC A"]
[Site "Messina ITA"]
[Date "2011.09.03"]
[Round "9"]
[White "Gangemi, Salvatore"]
[Black "Schiappoli, Dario"]
[WhiteElo "2065"]
[BlackElo "1929"]
[Result "1-0"]
[PlyCount "45"]
[EventDate "2011.08.28"]

1. c4 e5 2. Nc3 Nf6 3. g3 d5 4. cxd5 Nxd5 5. Bg2 Be6 6. Nf3 Nc6 7. O-O Be7 8.
d4 Nxc3 9. bxc3 e4 10. Nd2 f5 11. e3 O-O 12. f3 exf3 13. Qxf3 Bf6 14. Ba3 Rf7
15. Kh1 Be7 16. Bxe7 Qxe7 17. Qe2 Rd8 18. c4 Bc8 19. Bd5 Rxd5 20. cxd5 Nxd4 21.
Qd3 Nb5 22. Qxb5 Qxe3 23. Nf3 1-0

[Event "I Festival ASDEC A"]
[Site "Messina ITA"]
[Date "2011.09.03"]
[Round "9"]
[White "Levin, Felix"]
[Black "Arito, Luigi"]
[WhiteElo "2475"]
[BlackElo "1883"]
[Result "1-0"]
[PlyCount "51"]
[EventDate "2011.08.28"]

1. d4 Nf6 2. c4 c5 3. d5 b5 4. cxb5 a6 5. b6 Qxb6 6. Nc3 d6 7. e4 g6 8. Nf3 Bg7
9. Nd2 Nbd7 10. a4 a5 11. Bb5 O-O 12. O-O Ba6 13. Nc4 Qd8 14. Re1 Ne8 15. Bg5
Ne5 16. Na3 Nc7 17. f4 Bxb5 18. axb5 Nd7 19. Nc4 Bd4+ 20. Kh1 f6 21. Bh6 Bxc3
22. bxc3 Nxb5 23. Bxf8 Nxc3 24. Qd3 Nxe4 25. Qxe4 Kxf8 26. Nxa5 1-0

[Event "I Festival ASDEC A"]
[Site "Messina ITA"]
[Date "2011.09.03"]
[Round "9"]
[White "Naumkin, Igor"]
[Black "Pinton, Maurizio"]
[WhiteElo "2486"]
[BlackElo "2016"]
[Result "1-0"]
[PlyCount "69"]
[EventDate "2011.08.28"]

1. d4 e6 2. c4 b6 3. Nf3 Bb7 4. g3 Bxf3 5. exf3 c5 6. d5 exd5 7. cxd5 Bd6 8.
Bg2 Nf6 9. O-O O-O 10. Na3 Na6 11. Nc4 Ne8 12. f4 b5 13. Ne3 Rb8 14. b3 Be7 15.
g4 Bf6 16. Rb1 g6 17. g5 Bg7 18. h4 f6 19. Qg4 Nb4 20. f5 fxg5 21. hxg5 gxf5
22. Nxf5 Nd3 23. Be4 Ne5 24. Qh5 Ng6 25. d6 Rxf5 26. Bxf5 Nxd6 27. Bc2 Nf7 28.
Bd2 b4 29. Rbe1 Rb6 30. Re2 Nf8 31. Rfe1 Re6 32. f4 Bd4+ 33. Kg2 Nd6 34. f5
Qa8+ 35. Qf3 1-0

[Event "I Festival ASDEC A"]
[Site "Messina ITA"]
[Date "2011.09.03"]
[Round "9"]
[White "Pisacane, Pietro"]
[Black "Signorelli, Gaetano"]
[WhiteElo "1948"]
[BlackElo "1897"]
[Result "1-0"]
[PlyCount "63"]
[EventDate "2011.08.28"]

1. d4 Nf6 2. c4 g6 3. Nc3 Bg7 4. Nf3 d6 5. e4 O-O 6. Be2 e5 7. Bg5 Nbd7 8. O-O
h6 9. Be3 Re8 10. dxe5 dxe5 11. Qc2 c6 12. Rfd1 Qc7 13. c5 Ng4 14. b4 Nxe3 15.
fxe3 b6 16. Na4 b5 17. Nc3 a5 18. a3 Nf6 19. Qd2 Be6 20. h3 Rad8 21. Qc2 a4 22.
Nd2 Qb7 23. Rac1 Nh7 24. Rf1 Re7 25. Rf2 Red7 26. Bf1 h5 27. Nxb5 Rxd2 28. Rxd2
Rxd2 29. Qxd2 cxb5 30. Qd8+ Nf8 31. c6 Qa7 32. Rc3 1-0

[Event "I Festival ASDEC A"]
[Site "Messina ITA"]
[Date "2011.09.03"]
[Round "9"]
[White "Spina, Simonpietro"]
[Black "Scattareggia, Domenico"]
[WhiteElo "1805"]
[BlackElo "2018"]
[Result "0-1"]
[PlyCount "58"]
[EventDate "2011.08.28"]

1. c4 e5 2. Nc3 Nf6 3. g3 Be7 4. Bg2 O-O 5. d3 c6 6. Nf3 d6 7. O-O Na6 8. a3
Nc7 9. b4 Bd7 10. Bb2 a6 11. Qc2 Ne6 12. e3 Ng4 13. d4 f6 14. d5 Nc7 15. Rac1
Rc8 16. Qb3 Kh8 17. Rfd1 Qe8 18. c5 cxd5 19. cxd6 Bxd6 20. Nxd5 Be6 21. Nxc7
Bxc7 22. Qd3 Qh5 23. Rxc7 Rxc7 24. Qd6 Qf7 25. Qd2 Rd7 26. Qe2 Rfd8 27. Rc1 Rd6
28. h3 Nh6 29. Kh2 Qd7 0-1